000 00692nam a2200289Ia 4500
005 20260324143916.0
008 008 260324s9999 xx 000 0 eng d
020 _a9780203061657
037 _aEBOOK
040 _aCRL
040 _beng
040 _cCRL
041 _2eng
041 _aeng
084 _qCRL
100 _aM. Tamarkin
_91207847
245 4 _aThe Making of Zimbabwe
245 0 _bDecolonization in Regional and International Politics
260 _bTaylor and Francis
260 _c1990
365 _a
365 _b255
856 _uhttp://www.taylorfrancis.com/books/9780203061657
942 _cEBOOK
999 _c1823329
_d1823329